Octonauts Episodes - Statistics

General Stats
  • This quiz has been taken 181 times
    20 since last reset
  • The average score is 44 of 280
Answer Stats
Answer % Correct
Cone Snail
40%
Crab and Urchin
40%
Giant Squid
40%
Humpback Whales
40%
Mountain River Cave
40%
Nine Banded Armadillo
40%
Oarfish
40%
Ring of Fire
40%
Adelie Penguins
20%
Albino Humpback Whale
20%
Alligator-Shark Showdown
20%
Alpine Swift
20%
Amazon Adventure
20%
Antarctica Rescue
20%
Arabian Camels
20%
Arctic Blizzard
20%
Arctic Orcas
20%
Atmospheric River
20%
Australian Outback Mystery
20%
Australian Wildfires
20%
Baby Dolphin
20%
Baby Gator
20%
Baby Sea Turtles
20%
Bamboo Rescue
20%
Bar Headed Goose
20%
Barracudas
20%
Beavers
20%
Beetle Invasion
20%
Bicolor Fangblenny
20%
Bomber Worms
20%
Bowhead Whales
20%
Building Beavers
20%
Caddisfly Silk
20%
Caribbean King Crabs
20%
Caterpillar Caravan
20%
Caves of Sac Actun
20%
Coconut Crabs
20%
Coconut Crisis
20%
Coelecanth
20%
Colossal Squid
20%
Combtooth Blenny
20%
Cookiecutter Sharks
20%
Crafty Cuttlefish
20%
Crawfish
20%
Creature Coach Upgrade
20%
Crisis of the Tsunami
20%
Curious Penguin
20%
Damselfish
20%
Decorator Crab
20%
Deep Ocean Discovery
20%
Devil's Hole Pupfish
20%
Cold Snap
20%
Dolphin Reef Rescue
20%
Dwarf Lantern Shark
20%
Electric Torpedo Rays
20%
Elephant Swim Lesson
20%
Enemy Anemones
20%
Enormous Elephant Seal
20%
Feeding Frenzy
20%
Fiddler Crabs
20%
Fig Fiasco
20%
Fire Ants
20%
Flamingos
20%
Flying Fish
20%
Flying Foxes
20%
Flying Squid
20%
Flying Swords
20%
Galapagos Tortoise
20%
Giant Carp
20%
Giant Jelly
20%
Giant Kelp Forest
20%
Giant Spider Crab
20%
Giant Whirlpool
20%
Golden Mole
20%
Great Algae Escape
20%
Great Arctic Adventure
20%
Great Barrier Reef
20%
Great Christmas Rescue
20%
Great Octo-Bot Rescue
20%
Great Penguin Race
20%
Great Swamp Search
20%
Great White Shark
20%
Grey Whales
20%
Harbour Seal
20%
Hermit Crabs
20%
Hidden Lake
20%
Hippo Hydration
20%
Hippos
20%
Honey Badger
20%
Honeybees
20%
Hot Spring Snake
20%
Humphead Parrotfish
20%
Humuhumus
20%
Hungry Pilot Fish
20%
Iguazu Falls
20%
Immortal Jellyfish
20%
Jellyfish Bloom
20%
Jellyfish Lake
20%
Jungle Ghost
20%
Kalahari Copycat
20%
Kelp Forest Rescue
20%
Kelp Monster Mystery
20%
Kilimanjaro Climb
20%
Land of Fire and Ice
20%
Leafy Sea Dragons
20%
Lionfish
20%
Lion's Mane Jellyfish
20%
Loggerhead Sea Turtle
20%
Loneliest Whale
20%
Lonely Frog
20%
Long-Arm Squid
20%
Lost Bottlenose Dolphins
20%
Lost Lemon Shark
20%
Madagascar Tsingy
20%
Malabar Giant Squirrel
20%
Manatees
20%
Mangrove Mission
20%
Manta Rays
20%
Mantis Shrimp
20%
Micronesian Mystery
20%
Midnight Zone
20%
Mimics
20%
Monarch Butterflies
20%
Monster Digger
20%
Monster Map
20%
Mountain Parrots
20%
Mudflat Mission
20%
Mudskippers
20%
Mudslide
20%
Mud Volcanoes
20%
Mysterious Webs
20%
Mystery Island
20%
Mystery of the Longfin Eels
20%
Nano-Chameleon
20%
Narwhal
20%
Nautilus
20%
Nubian Ibex
20%
Octopod Mystery
20%
Operation Cooperation
20%
Operation Deep Freeze
20%
Operation Inspiration
20%
Orangutans
20%
Orcas
20%
Over and Under Adventure
20%
Penguin Adventure
20%
Pininga Turtle
20%
Pink Fairy Armadillo
20%
Pink Glacier
20%
Pirate Parrotfish
20%
Poison Dart Frogs
20%
Porcupine Puffer
20%
Puffin Colony
20%
Pygmy Sloths
20%
Quest for Cocoa
20%
Quokkas
20%
Red Fox
20%
Red Rock Crabs
20%
Remipedes
20%
Rival Ravens
20%
Rocky Mountain Rockslide
20%
Sand Cat
20%
Sardine School
20%
Scared Sperm Whale
20%
Sea Lions
20%
Sea Pigs
20%
Sea Skaters
20%
Sea Snakes
20%
Sea Sponge
20%
Sea Turtle's Shell
20%
Secret Beneath The Snow
20%
Seven Sea Squirts
20%
Siberian Salamander
20%
Skeleton Coast Adventure
20%
Slime Eels
20%
Snag Hotel
20%
Snake Infested Sea Foam
20%
Snapping Shrimp
20%
Snot Sea Cucumber
20%
Solar Storm
20%
Spectral Tarsier
20%
Speedy Sailfish
20%
Spider Crab Surprise
20%
Spring Awakening
20%
Strange Sickness
20%
Stubborn Albatross
20%
Sunfish
20%
Surfing Snails
20%
Swimming Moose
20%
Termite Mound
20%
Tiger Shark
20%
Tree Lobsters
20%
Triggerfish
20%
Tsunami
20%
Twelve-Year Bloom
20%
Undersea Storm
20%
Urchin Invasion
20%
Valley of Flowers
20%
Vampire Squid
20%
Very Salty Lake
20%
Very Vegimal Christmas
20%
Volcano Sharks
20%
Walrus Chief
20%
Walrus Pups
20%
Water Bears
20%
Weaver Bird
20%
Whale Shark
20%
Whales of Mystery
20%
Wildebeest Migration
20%
Wild Windstorms
20%
Wood Eating Catfish
20%
Yellow Bellied Sea Snakes
20%
Yellowstone Wolves
20%
Zombie Worms
20%
Artificial Reef
0%
Axolotl
0%
Bald Ibises
0%
Barnacle Geese
0%
Beluga Whales
0%
Billabong Mystery
0%
Blob Fish Brothers
0%
Bluefin Tuna
0%
Blue Whale Rescue
0%
Boiling River
0%
Bullfrogs
0%
Chinese Giant Salamander
0%
Convict Fish
0%
Cuckoo
0%
Desert Creatures
0%
Duck-Billed Platypus
0%
Eel Ordeal
0%
Emperor Penguins
0%
European Bison
0%
Fish Mouth Louse
0%
Flooded Forest
0%
Frigatebird
0%
Ghost Ship
0%
Giant Sea Spiders
0%
Giant Siphonophore
0%
Giant Weta
0%
Gila Monster
0%
Gobi Desert
0%
Great Pacific Clean-Up
0%
Gulper Eels
0%
Hammerhead Sharks
0%
Harlequin Duck
0%
Hawaiian Monk Seals
0%
Hawksbill Sea Turtle
0%
Hazardous Habitats
0%
Hurricane Hunter Adventure
0%
Indian Rhinos
0%
Jawfish
0%
Kauri Forest
0%
Little Goby
0%
Long-Nosed Bats
0%
Lost Sea Star
0%
Mariana Trench Adventure
0%
Marine Iguanas
0%
Mimic Octopus
0%
Missing Lake
0%
Missing Shell
0%
Mixed Up Whales
0%
Monitor Lizards
0%
Pelicans
0%
Permafrost Problem
0%
Portuguese Man o'War
0%
Rainforest Rescue
0%
Red Tide
0%
Ringed Seals
0%
Salt-Mining Elephants
0%
Saltwater Crocodile
0%
Sawfish
0%
Scaly Foot Snail
0%
Scary Spookfish
0%
Seahorse Tale
0%
Silver Sea
0%
Sleeping Dormice
0%
Snowshoe Hares
0%
Spinner Dolphins
0%
Tiger Shrimp and Blind Fish
0%
Yeti Crab
0%
No matching quizzes found
Score Distribution
Percent of People with Each Score
Percentile by Number Answered
Your Score History
You have not taken this quiz since the last reset